[Event "Mediterranean-ch 11th"]
[Site "Petrovac"]
[Date "2021.06.19"]
[Round "1"]
[White "Uruci, Endrit"]
[Black "Sabotic, Denis"]
[Result "1-0"]
[WhiteElo "2258"]
[BlackElo "1710"]
[PlyCount "83"]
[EventDate "2021.06.19"]
[EventType "swiss"]
[EventRounds "9"]
[EventCountry "MNE"]
[SourceTitle "CBM 203 Extra"]
[Source "ChessBase"]
[SourceDate "2021.09.30"]
[SourceVersion "1"]
[SourceVersionDate "2021.09.30"]
[SourceQuality "1"]

1. e4 c5 2. Nf3 Nc6 3. Bb5 a6 4. Bxc6 dxc6 5. d3 Bg4 6. Be3 e6 7. a4 Bd6 8. Nbd2 e5 9. Nc4 b5 10. Ncd2 Ne7 11. Nb3 c4 12. dxc4 bxc4 13. Nc5 Bxf3 14. gxf3 Qa5+ 15. Qd2 Qxd2+ 16. Kxd2 f5 17. exf5 Nxf5 18. Ne4 Be7 19. a5 0-0 20. Ra4 Rad8+ 21. Ke2 Nh4 22. Rxc4 Nxf3 23. Rxc6 Nd4+ 24. Bxd4 Rxd4 25. f3 Ra8 26. Rd1 Rb4 27. Rd7 Bf8 28. Rb6 Rb5 29. Rxb5 axb5 30. Rd5 Rxa5 31. Rxe5 Kf7 32. Rf5+ Ke8 33. Nc3 Bd6 34. Nxb5 Ra6 35. Nxd6+ Rxd6 36. b4 g6 37. Re5+ Kd7 38. c4 Kc6 39. b5+ Kd7 40. Rd5 Rxd5 41. cxd5 Kd6 42. b6 1-0

[Event "MNT-chT 1st League"]
[Site "Podgorica"]
[Date "2021.05.21"]
[Round "2.5"]
[White "Sabotic, Denis"]
[Black "Milosevic, Radmila"]
[Result "1/2-1/2"]
[WhiteElo "1737"]
[BlackElo "1535"]
[PlyCount "149"]
[EventDate "2021.05.20"]
[EventType "team-tourn"]
[EventRounds "7"]
[EventCountry "MNE"]
[SourceTitle "EXT 2022"]
[Source "ChessBase"]
[SourceDate "2021.10.06"]
[SourceVersion "1"]
[SourceVersionDate "2021.10.06"]
[SourceQuality "1"]

1. e4 c5 2. Nf3 d6 3. Bb5+ Bd7 4. Bxd7+ Qxd7 5. Nc3 g6 6. d4 cxd4 7. Qxd4 Nf6 8. Bg5 Bg7 9. 0-0-0 0-0 10. Qe3 Nc6 11. h3 Qc7 12. Bh6 Rfc8 13. Bxg7 Kxg7 14. g4 a6 15. g5 Nh5 16. Rd2 b5 17. Nd4 Ne5 18. Re2 Nc4 19. Qf3 e5 20. Nf5+ Kh8 21. Nd5 Qa5 22. Nh6 Qxa2 23. c3 Qa1+ 24. Kc2 Qxb2+ 25. Kd3 Qb3 26. Rc1 b4 27. Rec2 a5 28. Ke2 Na3 29. Rd2 bxc3 30. Nxf7+ Kg7 31. Nxd6 Rf8 32. Qxc3 Qxc3 33. Rxc3 Nb1 34. Rc7+ Kg8 35. Rb2 Rab8 36. Rxb8 Rxb8 37. Nf6+ Nxf6 38. gxf6 Rd8 39. Rg7+ Kf8 40. Nc4 a4 41. Rxh7 Rd4 42. Rh8+ Kf7 43. Nxe5+ Kxf6 44. Ke3 Rb4 45. f4 a3 46. Ra8 Rb3+ 47. Nd3 Nc3 48. Kd4 Ne2+ 49. Ke3 Nc1 50. e5+ Ke7 51. Ra7+ Kd8 52. Ra8+ Kc7 53. Kd2 Nxd3 54. Kc2 Nc5 55. Ra5 Rb2+ 56. Kc3 Ne4+ 57. Kd4 Rb4+ 58. Kd5 a2 59. e6 Kb6 60. Ra3 Nc3+ 61. Ke5 Rb1 62. Kf6 a1Q 63. Rxa1 Rxa1 64. Kxg6 Nd5 65. f5 Rf1 66. Kg5 Kc7 67. h4 Kd6 68. h5 Ke5 69. h6 Rxf5+ 70. Kg6 Nf6 71. e7 Ne8 72. h7 Rf6+ 73. Kg5 Rf5+ 74. Kg6 Rf6+ 75. Kg5 1/2-1/2

[Event "MNT-ch 73rd"]
[Site "Podgorica"]
[Date "2021.05.09"]
[Round "8"]
[White "Sabotic, Denis"]
[Black "Malisic, Miodrag"]
[Result "0-1"]
[WhiteElo "1737"]
[BlackElo "1839"]
[PlyCount "116"]
[EventDate "2021.05.03"]
[EventType "swiss"]
[EventRounds "9"]
[EventCountry "MNE"]
[SourceTitle "CBM 202 Extra"]
[Source "ChessBase"]
[SourceDate "2021.07.31"]
[SourceVersion "1"]
[SourceVersionDate "2021.07.31"]
[SourceQuality "1"]

1. e4 e6 2. Nf3 b6 3. d4 Bb7 4. Bd3 Nf6 5. e5 Nd5 6. a3 c5 7. c4 Nc7 8. dxc5 Bxc5 9. b4 Be7 10. Nc3 0-0 11. h4 f5 12. exf6 Bxf6 13. Bxh7+ Kh8 14. Bd2 Bxc3 15. Ng5 Qf6 16. 0-0 Bxd2 17. Qxd2 Qf4 18. Qxf4 Rxf4 19. g3 Rf8 20. Rad1 d5 21. Rd4 Nc6 22. Rd2 Ne5 23. cxd5 Bxd5 24. Be4 Bxe4 25. f4 Nc4 26. Rd7 Bf5 27. Rxc7 Nxa3 28. h5 Nb5 29. Re7 Rae8 30. Rd7 e5 31. Rd5 Nc3 32. Rxe5 Rxe5 33. fxe5 Kg8 34. e6 Nd5 35. Rd1 Nf6 36. e7 Re8 37. Rd8 Bg4 38. Kf2 Bxh5 39. Ke3 Bf7 40. Kd4 g6 41. Ke5 Ng4+ 42. Kd6 Kg7 43. Rd7 a5 44. bxa5 bxa5 45. Ra7 Ne3 46. Ne4 Nf5+ 47. Ke5 Nxe7 48. Kf4 Nc6 49. Rc7 Nb4 50. Ra7 Nc6 51. Rc7 Re7 52. Rc8 Na7 53. Rc5 a4 54. Ra5 Bb3 55. g4 Nc6 56. Ra8 Ra7 57. Rc8 a3 58. Nc3 Ne7 0-1

[Event "MNT Team Cup"]
[Site "Herceg Novi"]
[Date "2020.06.26"]
[Round "2.3"]
[White "Bubanja, Masan"]
[Black "Sabotic, Denis"]
[Result "0-1"]
[WhiteElo "1919"]
[BlackElo "1721"]
[PlyCount "110"]
[EventDate "2020.06.25"]
[EventType "team-swiss"]
[EventRounds "5"]
[EventCountry "MNE"]
[SourceTitle "EXT 2021"]
[Source "ChessBase"]
[SourceDate "2020.10.23"]
[SourceVersion "1"]
[SourceVersionDate "2020.10.23"]
[SourceQuality "1"]
[WhiteTeam "Herceg Novi"]
[BlackTeam "Bihor"]
[WhiteTeamCountry "MNE"]
[BlackTeamCountry "MNE"]

1. e4 c5 2. Nf3 Nc6 3. d4 cxd4 4. Nxd4 a6 5. c3 e6 6. Nd2 d5 7. Nxc6 bxc6 8. e5 Bc5 9. Be2 Qg5 10. 0-0 Qxe5 11. Nf3 Qd6 12. a3 Ne7 13. Bg5 f6 14. Bh4 Nf5 15. Kh1 Nxh4 16. Nxh4 e5 17. Bg4 Bxg4 18. Qxg4 g6 19. Rae1 Qd7 20. Qd1 e4 21. f4 f5 22. Nf3 0-0 23. Ne5 Qc7 24. g4 Bd6 25. gxf5 Rxf5 26. Ng4 Bxf4 27. Nh6+ Bxh6 28. Rxf5 gxf5 29. Qh5 Qf4 30. Rg1+ Bg7 31. Rg5 Rb8 32. b4 Qf1+ 33. Rg1 Qf3+ 34. Qxf3 exf3 35. Rf1 Kf7 36. Rxf3 Kf6 37. Kg2 a5 38. Kf2 axb4 39. cxb4 Bf8 40. Rh3 h6 41. Rd3 f4 42. Kf3 Ke5 43. Rd1 c5 44. Re1+ Kf5 45. Rd1 d4 46. bxc5 Rb3+ 47. Kg2 Bxc5 48. Rc1 Bxa3 49. Rc7 Ke4 50. Rc6 Rb2+ 51. Kg1 d3 52. Re6+ Kf3 53. Re1 Bc5+ 54. Kh1 d2 55. Rf1+ Ke2 0-1

[Event "MNT-ch 71st"]
[Site "Podgorica"]
[Date "2019.05.23"]
[Round "6"]
[White "Rakic, Tijana"]
[Black "Sabotic, Denis"]
[Result "0-1"]
[WhiteElo "1579"]
[BlackElo "1682"]
[PlyCount "50"]
[EventDate "2019.05.18"]
[EventType "swiss"]
[EventRounds "9"]
[EventCountry "MNE"]
[SourceTitle "CBM 190 Extra"]
[Source "ChessBase"]
[SourceDate "2019.07.15"]
[SourceVersion "1"]
[SourceVersionDate "2019.07.15"]
[SourceQuality "1"]

1. e4 c5 2. Nf3 Nc6 3. d4 cxd4 4. Nxd4 e6 5. Nc3 a6 6. Be3 Bb4 7. Qd2 Nf6 8. f3 d5 9. Nxc6 bxc6 10. e5 Nd7 11. a3 Ba5 12. b4 Bb6 13. Bxb6 Qxb6 14. f4 Bb7 15. Na4 Qc7 16. Qe3 a5 17. Rb1 axb4 18. Rxb4 c5 19. Qc3 0-0 20. Bb5 Rfc8 21. Bxd7 cxb4 22. Qxc7 Rxc7 23. axb4 Rxd7 24. Nb6 Ra1+ 25. Kf2 Rxh1 0-1

[Event "MNT-ch 71st"]
[Site "Podgorica"]
[Date "2019.05.18"]
[Round "1"]
[White "Sabotic, Denis"]
[Black "Sukovic, Andrej"]
[Result "0-1"]
[WhiteElo "1682"]
[BlackElo "2221"]
[PlyCount "61"]
[EventDate "2019.05.18"]
[EventType "swiss"]
[EventRounds "9"]
[EventCountry "MNE"]
[SourceTitle "CBM 190 Extra"]
[Source "ChessBase"]
[SourceDate "2019.07.15"]
[SourceVersion "1"]
[SourceVersionDate "2019.07.15"]
[SourceQuality "1"]

1. e4 c5 2. Nf3 d6 3. h3 Nf6 4. Nc3 e5 5. Bb5+ Bd7 6. Bxd7+ Qxd7 7. d3 h6 8. Be3 Nc6 9. Nd5 Nxd5 10. exd5 Ne7 11. c4 f5 12. 0-0 b6 13. Re1 g6 14. a3 Bg7 15. Rb1 0-0 16. Nh2 f4 17. Bd2 Rf5 18. g4 fxg3 19. fxg3 Raf8 20. g4 R5f7 21. Rf1 e4 22. Be3 Rxf1+ 23. Nxf1 Rf3 24. Kg2 h5 25. dxe4 hxg4 26. h4 Be5 27. b4 g5 28. h5 Qe8 29. Qe2 Qxh5 30. bxc5 bxc5 31. Rb8+ 0-1

[Event "Belgrade ChessAmateur op 5th"]
[Site "Belgrade"]
[Date "2019.01.09"]
[Round "8"]
[White "Sahin, Aytac"]
[Black "Sabotic, Denis"]
[Result "1-0"]
[WhiteElo "1940"]
[BlackElo "1588"]
[PlyCount "71"]
[EventDate "2019.01.04"]
[EventType "swiss"]
[EventRounds "9"]
[EventCountry "SRB"]
[SourceTitle "CBM 188 Extra"]
[Source "ChessBase"]
[SourceDate "2019.02.26"]
[SourceVersion "1"]
[SourceVersionDate "2019.02.26"]
[SourceQuality "1"]

1. e4 c5 2. Nf3 Nc6 3. c3 e6 4. d4 cxd4 5. cxd4 Bb4+ 6. Nc3 d5 7. e5 a6 8. Bd3 Nge7 9. 0-0 Nf5 10. Ne2 0-0 11. a3 Be7 12. b4 b5 13. Be3 Bd7 14. Rc1 Rc8 15. Ng3 g6 16. Nxf5 exf5 17. Qd2 Re8 18. Be2 f6 19. Ne1 fxe5 20. dxe5 Nxe5 21. Qxd5+ Nf7 22. Rd1 Bd6 23. Bf3 Be6 24. Qd2 Bb3 25. Bd5 Bxd1 26. Qxd1 Rc3 27. Bc1 Rxc1 28. Bxf7+ Kxf7 29. Qxc1 Re4 30. Nf3 a5 31. Ng5+ Kf6 32. Nxe4+ fxe4 33. bxa5 Qxa5 34. Qc6 Qxa3 35. Rd1 Ke5 36. Qd5+ 1-0

[Event "Belgrade ChessAmateur op 5th"]
[Site "Belgrade"]
[Date "2019.01.06"]
[Round "5"]
[White "Sabotic, Denis"]
[Black "Djordjevic, Nevena"]
[Result "1-0"]
[WhiteElo "1588"]
[BlackElo "1728"]
[PlyCount "83"]
[EventDate "2019.01.04"]
[EventType "swiss"]
[EventRounds "9"]
[EventCountry "SRB"]
[SourceTitle "CBM 188 Extra"]
[Source "ChessBase"]
[SourceDate "2019.02.26"]
[SourceVersion "1"]
[SourceVersionDate "2019.02.26"]
[SourceQuality "1"]

1. e4 c5 2. Nf3 e6 3. d4 cxd4 4. Nxd4 Nc6 5. Be3 Nf6 6. Nc3 Qc7 7. Ncb5 Qb8 8. Bd3 a6 9. Nc3 Be7 10. f4 d6 11. 0-0 0-0 12. Nf3 b5 13. a3 Qc7 14. Ne2 Bb7 15. Ng3 Ng4 16. Qe2 Nxe3 17. Qxe3 Rac8 18. Rad1 Na5 19. Kh1 Nc4 20. Qc1 Qc5 21. Rde1 b4 22. f5 bxa3 23. bxa3 Qxa3 24. Qf4 Qc3 25. Nh5 Ne5 26. Nxe5 Qxe5 27. Qg4 Bf6 28. Nxg7 Kh8 29. Nh5 Rg8 30. Qh3 Rcf8 31. Rf2 d5 32. Nxf6 Qxf6 33. e5 Qg5 34. f6 h6 35. Rf3 d4 36. Rg3 Qd2 37. Rg1 Rxg3 38. hxg3 Rg8 39. Kh2 Qg5 40. Rf1 Rf8 41. Rf4 Kg8 42. Rg4 1-0

[Event "Belgrade ChessAmateur op 5th"]
[Site "Belgrade"]
[Date "2019.01.05"]
[Round "3"]
[White "Krasteva, Beloslava"]
[Black "Sabotic, Denis"]
[Result "1-0"]
[WhiteElo "2062"]
[BlackElo "1588"]
[PlyCount "71"]
[EventDate "2019.01.04"]
[EventType "swiss"]
[EventRounds "9"]
[EventCountry "SRB"]
[SourceTitle "CBM 188 Extra"]
[Source "ChessBase"]
[SourceDate "2019.02.26"]
[SourceVersion "1"]
[SourceVersionDate "2019.02.26"]
[SourceQuality "1"]

1. d4 Nf6 2. c4 e6 3. Nc3 Bb4 4. e3 0-0 5. Bd3 b6 6. Nge2 Bb7 7. a3 Be7 8. 0-0 c5 9. d5 exd5 10. cxd5 Bd6 11. e4 Re8 12. f4 c4 13. Bc2 Ng4 14. Nd4 Bc5 15. Qxg4 Bxd4+ 16. Kh1 d6 17. Ne2 Bc5 18. Bd2 Nd7 19. Bc3 Nf6 20. Qf3 Qe7 21. Ng3 g6 22. Rad1 Bc8 23. h3 Nd7 24. Nf5 Qd8 25. Nh6+ Kf8 26. f5 f6 27. fxg6 hxg6 28. Ng4 Ne5 29. Bxe5 Bxg4 30. Qxg4 Rxe5 31. Qxg6 Ke7 32. Qg7+ Ke8 33. Rxf6 Re7 34. Rf8+ Kd7 35. Rxd8+ Rxd8 36. Ba4+ 1-0